000 08527namaa22004331i 4500
003 EG-GICUC
005 20260428105447.0
008 260428s2025 ua a|||frm||| 000 0 eng d
040 _aEG-GICUC
_beng
_cEG-GICUC
_dEG-GICUC
_erda
041 0 _aeng
_beng
_bara
049 _aDeposit
082 0 4 _a571.92
092 _a571.92
_221
097 _aPh.D
099 _aCai01.07.16.Ph.D.2025.Ra.F
100 0 _aRagab Salama Mahmoud,
_epreparation.
245 1 0 _aFurther studies on cantaloupe decline in egypt /
_cby Ragab Salama Mahmoud ; Supervisors Prof. Mohsen Ahmed Mostafa, Prof. Mohamed Farouk Attia.
246 1 5 _aدراسات تكميلية علي تدهور الكنتالوب في مصر
264 0 _c2025.
300 _a236 pages :
_billustrations ;
_c25 cm. +
_eCD.
336 _atext
_2rda content
337 _aUnmediated
_2rdamedia
338 _avolume
_2rdacarrier
502 _aThesis (Ph.D)-Cairo University, 2025.
504 _aBibliography: pages 205-236.
520 3 _aIsolation trials carried out from samples of cantaloupe plants suffering from vine decline and root rot located at Giza (El- Ayaat), Beni Suef (Seds), Behera (Wadi El Natrown), Matruh (Alhamam) and New Valley (Mut) governorates yielded 4 different fungal genera. These fungi were identified as Fusarium inflexum, F. oxysporum, F. nygamai, Sclerotium bataticola and Rhizoctonia solani. In addition to, F. ambrosium and Paecilomyces dactylethromorphus for the first time in Egypt.The most frequent isolated pathogen from rotted rot and vine decline of cantaloupe plants was R. solani. Meanwhile, the lowest percentage of frequency was recorded for Pa. dactylethromorphus. The pathogenicity of the isolated fungi revealed that the great percentage of cantaloupe root rot was recorded from soil infested with F. nygamai followed by R. solani. In contrast, the lowest percentage of root rot was recorded from plants grown in artificially infested soil with Pa. dactylethromorphus. The highest values of DSI were recorded for R. solani followed by F. nygamai respectively. On the other hand, the lowest value of DSI was recorded for F. oxysporum followed by Pa. dactylethromorphus. In vitro, evaluation the effect of three essential oils (EOs) Lemon grass, clove and peppermint oils on growth of the tested fungi with four concentrations. Lemon grass oil completely inhibited the growth of R. solani at any of the concentration. On the other hand, there was no effect on mycelial growth of S. bataticola at any of the concentration tested. For clove essential oil completely inhibited the growth of F. oxysporum, F. nygamai, F. ambrosium, R. solani and S. bataticola at any of the concentration tested. As to Peppermint oil, show complete inhibition for the growth of S. bataticola occurred at concentration 4%.On contrast there was no effect on mycelial growth of F.inflexum at any of the concentration tested. Cultural filtrate of Spirulina platensis completely inhibited the growth of R. solani at any of the concentration tsested. On contrast there was not any effect on the growth of Pa. dactylethromorphus at concentration 20%. As to cultural filtrate of Chlorella vulgaris completely inhibited the growth of F. inflexum at concentrations 60 and 80%.Meanwhile, there was not any effect on the growth of F. inflexum, Pa. dactylethromorphus, R. solani and Fusarium ambrosium at concentration 20%.Effect of three fungicides Uniform SC 39%, Maxim XL 3.5 % and Double WP 56% on growth of the tested fungi with four concentrations. Fungicide Double completely inhibited the growth of F. inflexum and S. bataticola at any of the concentrations tested.The fungicide Uniform completely inhibited the growth of R. solani at any of the concentration tested. The fungicide Maxim completely inhibited the growth of S. bataticola at any of the concentration tested. In contrast, there was no effect on mycelial growth of F. ambrosium at any concentrations tested. Transplants treated with essential oils (EOs), cyanobacterial, nanoparticles and chemical control gave good results in reducing incidence of root rot in plants, increase oxidative reductive enzymes and growth parameters of treated transplants.
520 3 _a أوضحت نتيجة العزل من نباتات الكنتالوب التي تعاني من عفن الجذور وانهيار العروش في خمسه محافظات [محافظة الجيزة ( مركز العياط) ومحافظة بني سويف (مركز سدس) ومحافظة البحيرة (مركز وادي النطرون) ومحافظة مطروح (مركز الحمام) و محافظة الوادي الجديد(مركزموط) ] أسفرت هذه التجارب عن أربعة أجناس فطرية مختلفة. تم تحديد هذه الفطريات على أنها: وتم تعريف هذه الفطريات وهي Fusarium inflexum,. oxysporum, F. nygamai, Sclerotium bataticola and Rhizoctonia solani. F وكل من F. ambrosium Paecilomyces dactylethromorphus تم تسجيلهم لاول مره في مصر علي نباتات الكنتالوب.أوضحت نتيجة العزل من نباتات الكنتالوب المصابة بالمحافظات أن اكثر الفطريات تكرارية هو R. solani في حين كان اقلهم تكراريا. Pa. dactylethromorphus اوضح اختبار العدوي الصناعية تحت ظروف الصوبة ان F. nygamaiسجل اعلي نسبه مئوية لاصابه لنباتات الكنتالوب يله فطر R. solani على النقيض من ذلك، تم تسجيل اقل نسبه مئوية للاصابه في النباتات المزروعة في التربة الملوثة صناعياً بفطر Pa. dactylethromorphus. سجلت أعلي شدة اصابة لنباتات الكنتالوب (DSI) للفطر R. solani يليه F. nygamai. من ناحية أخرى تم تسجيل شدة اصابه(DSI) للفطر F. oxysporum يليه Pa. dactylethromorphus .تم دراسة تأثير ثلاثة زيوت عطرية (زيت لليمون، وزيت القرنفل، زيت النعناع) على نمو الفطريات تحت ظروف المعمل وذلك باستخدام أربعة تركيزات مختلفة. أظهر زيت الليمون فعالية عالية في تثبيط نمو R. solani عند جميع التركيزات. أما زيت القرنفل فقد أظهر فعالية في تثبيط نمو F. oxysporum ،F. nygamai ،F. ambrosium ،R. solani ،S. bataticola عند جميع التركيزات.أما زيت النعناع فقد أظهر فعالية في تثبيط نمو S. bataticola عند تركيز 4%. كما أعطت المعاملة بمستخلص طحلب Spirulina platensis تحت ظروف المعمل فعالية في تثبيط نمو R. solani عند جميع التركيزات.بينما لم يكن لها تأثير على نمو Pa. dactylethromorphus عند تركيز 20%. أما المعاملة بمستخلص طحلب Chlorella vulgaris فقد أظهرت فعالية في تثبيط نمو F. inflexum عند تركيزي 60 و80%.أما مبيدات الفطريات Uniform SC 39% وMaxim XL 3.5% وDouble WP 56% فقد أظهرت فعالية في تثبيط نمو الفطريات المختبره. أظهرت هذه المبيدات فعالية في تثبيط نمو F. inflexum ،S. bataticola ،R. solani. تحت ظروف الصوبة تبين ان المعاملة بكل من الزيوت العطرية و جزيئات النانوا ومبيدات الفطريات، فقد أظهرت نتائج إيجابية في تقليل من مرض تعفن الجذور، وزيادة إنزيمات الأكسدة والاختزال، وحسنت من القياسات النباتية
530 _aIssues also as CD.
546 _aText in English and abstract in Arabic & English.
650 0 _aPlant Pathology
650 0 _aأمراض النبات
653 1 _aCantaloupe
_achemical control
_aessential oils (EOs)
_arotted rot
_avine decline
_aالكنتالوب
_aعفن الجذور وانهيار العروش
700 0 _aMohsen Ahmed Mostafa
_ethesis advisor.
700 0 _aMohamed Farouk Attia
_ethesis advisor.
900 _b01-01-2025
_cMohsen Ahmed Mostafa
_cMohamed Farouk Attia
_dSalah Mohamed Abdelmoumen
_dMaurice Sabry Mikhail
_UCairo University
_FFaculty of Agriculture
_DDepartment of Plant Pathology
905 _aShimaa
942 _2ddc
_cTH
_e21
_n0
999 _c179780